000 00766nam a22002417a 4500
001 3311374
003 DO-SdBNP
005 20180223102017.0
007 3311374
008 080208s2007 sp a 00 0 spa
020 _a9788493513788
040 _aBPMSU
_bspa
_cBPMSU
100 1 _aPuya, Paloma
245 1 3 _aEl misterio de la llave de hielo /
_cPaloma Puya ; ilustraciones, Ana Burgos Baena
260 _aEl Puerto de Santa María, Epaña
_bCompañía Oriental de la Tinta,
_c2007.
300 _a134 p ;
_bil.:
_c24 cm.
490 0 _aLas 3 hijas del dragón
_v3
700 1 _aBurgos Baena, Ana
_d1981-
_eil.
830 0 _aLas 3 hijas del dragón
_n3
942 _2ddc
_cBK
945 _aInventariado, 2018/ YL
956 _aVMATEO
_210
_320151106
_6BPMSU
_800151
999 _c8588
_d8588